THE STORY OF GOLDILOCKS AND THE THREE BEARS (Record no. 5467)
[ view plain ]
| 000 -LEADER | |
|---|---|
| fixed length control field | 00306nam a22001217a 4500 |
| 020 ## - INTERNATIONAL STANDARD BOOK NUMBER | |
| ISBN | 9788180230264 |
| 082 ## - DEWEY DECIMAL CLASSIFICATION NUMBER | |
| Classification number | 823 |
| Item number | DSP/G |
| 245 ## - TITLE STATEMENT | |
| Title | THE STORY OF GOLDILOCKS AND THE THREE BEARS |
| 260 ## - PUBLICATION, DISTRIBUTION, ETC. (IMPRINT) | |
| Place of publication | DELHI |
| Name of publisher | D S PUBLISHERS |
| 520 ## - SUMMARY, ETC. | |
| Summary, etc | ENGLISH SHORT STORY |
| 650 ## - SUBJECT ADDED ENTRY--TOPICAL TERM | |
| Topical Term | ENGLISH SHORT STORY |
| Geographic subdivision | DELHI |
| 942 ## - ADDED ENTRY ELEMENTS (KOHA) | |
| Koha item type | Books |
| Withdrawn status | Lost status | Collection code | Home library | Current library | Shelving location | Date acquired | Source of acquisition | Full call number | Accession Number | Koha item type |
|---|---|---|---|---|---|---|---|---|---|---|
| Fiction | Main Library | Main Library | SHELF 3- I- ENGLISH CHILDRENS LITERATURE &MYTHOLOGY | 02/11/2012 | PURCHASE | 823 DSP/G | 07220 | Books |